00242pam a2200097a 44500008004100000041000800041100001600049245002900065260004200094300000800136230405s2009 xxu||||| |||| 00| 0 eng d aENG aKishori lal aHuman Resource managemnt aTukhmeerpurbAvinash Paperbacksc2009 a307